| 000 | 00564nam a22002057a 4500 | ||
|---|---|---|---|
| 003 | OSt | ||
| 005 | 20160213091432.0 | ||
| 008 | 130130t xxu||||| |||| 00| 0 eng d | ||
| 020 | _a9718591095 | ||
| 050 |
_aPN 6222 _b.Es 1994 |
||
| 082 |
_aFIL 398.2 _bD36 1993 |
||
| 100 | _aEsto, Rey. | ||
| 245 |
_aMga kasabihan at salawikaing Pilipino / _cRey Esto. |
||
| 260 |
_aCaloocan City : _bMizrack Publications, _cc1987. |
||
| 300 |
_a206 pages : _c21.5 cm. _billustrations ; |
||
| 526 | _c1210L-1700L | ||
| 562 | _e1 | ||
| 942 |
_2lcc _cBK _kFIL |
||
| 999 |
_c290503 _d290503 |
||